A beat közvetlensége

Elmentve itt :
Bibliográfiai részletek
Szerző: Nikolényi István
Dokumentumtípus: Cikk
Megjelent: 1968-08-16
Sorozat:Délmagyarország 58 No. 192
Kulcsszavak:Kovács Kati, Zenei élet koncert Szeged 1968, tánczene
Online Access:http://dmarchiv.bibl.u-szeged.hu/77007
LEADER 00492nab a2200157 i 4500
001 delm77007
005 20180928084318.0
008 180928s1968 hu o 0|| hun d
040 |a SZTE Délmagyarország Archívum  |b hun 
041 |a hun 
100 1 |a Nikolényi István 
245 1 2 |a A beat közvetlensége  |h [elektronikus dokumentum] /  |c  Nikolényi István 
260 |c 1968-08-16 
300 |a 5 
490 0 |a Délmagyarország  |v 58 No. 192 
695 |a Kovács Kati, Zenei élet koncert Szeged 1968, tánczene